000 00510 a2200169 4500
999 _c2009
_d2009
020 _a9781292017389
050 _aHF1416 KEE 2015
100 _aKeegan, Warren J.
_eauthor
245 _aGlobal Marketing
_cWarren J. Keegan & Mark C. Green
250 _a8th
264 _aBoston
_bPearson
_c2015
300 _a608p. :
_bill. (col.)
500 _aIncludes index
650 _aInternational Marketing
_xExport marketing -- Management.
700 _aGreen, Mark C.
_eauthor
942 _2lcc
_cBK
_e8th ed.
_h1416
_iKEE
_kHF